Životné jubileum RNDr. Jozefa Palášthyho, CSc

Bibliographic Details
Main Author: Dostál, Ľudovít, 1936-1996 (Author)
Format: Article
Language:Slovak
PhysicalDescription:Fot. 1.
Subjects:

MARC

LEADER 00000nab a2200000 a 4500
001 vtls000361072
003 SK-MaSNL
005 20260303170151.0
008 230131c1989 xo 0 slo
015 |a SNBRB19rr/mm-uuuuu 
035 |a CL0361194 
035 |a urn:nbn:sk:snk-ab2n0v 
035 |a (urnnbn)urn:nbn:sk:snk:ar-a02nqh 
035 |a (uuid)9da5591e-eab5-4a2d-9d5d-f29b3ede71e1 
040 |a SNKBUCL  |b slo  |c SNKBUCL  |e AACR2 
041 0 |a slo 
044 |a xo  |c SK 
080 |a 5-051  |2 1981 
080 |a 069-051  |2 1981 
080 |a 929 Palášthy, Jozef  |2 1981 
100 1 |a Dostál, Ľudovít,  |d 1936-1996  |4 aut  |9 135303 
245 1 0 |a Životné jubileum RNDr. Jozefa Palášthyho, CSc  |c Ľudovít Dostál ; Jozef Palášthy 
300 |b Fot. 1. 
600 1 7 |a Palášthy, Jozef,  |d 1929-2014  |2 snkbucl  |9 132815 
655 7 |a články z novín a časopisov  |2 snkbucl  |9 267496 
773 0 |t Múzeum  |g Roč. 34, č. 2 (1989), s. 88 
850 |a Slovenská národná knižnica v Martine  |a MTA001 
852 |a SNK  |b KIS3GCP 
954 |a odborná, vedecká literatúra pôvodná (slovenská)  |2 lita 
958 |a BX 
958 |a OND 
958 |a EUIPO 
958 |a article27 
992 |a RBX 
999 |c 2075622  |d 2077552